Vista normal
Vista MARC
Entrada Nombre Corporativo
Número de registros utilizados en: 1
001 - NUMERO DE CONTROL
- control field: 27450
003 - CONTROL NUMBER IDENTIFIER
- control field: AR-RoUNA
005 - FECHA Y HORA DE LA ÚLTIMA TRANSACCIÓN
- control field: 20250922122738.0
008 - ELEMENTOS DE DATOS DE LONGITUD FIJA
- fixed length control field: 250922|| aca||aabn | a|a d
040 ## - FUENTE DE CATALOGACIÓN
- Original cataloging agency: AR-RoUNA
- Transcribing agency: AR-RoUNA
110 ## - NOMBRE CORPORATIVO
- Nombre corporativo: Municipalidad de Rosario.
- Subordinate unit: Secretaria General de la Muncipalidad de Rosario
670 ## - SOURCE DATA FOUND
- Source citation: Work cat.: (AR-RoUNA)12132: Municipalidad de Rosario. Secretaria General de la Muncipalidad de Rosario., Documento base para la descentralización de la Municipalidad de Rosario., 199?.